| 000 | 00405nam a2200169 i 4500 | ||
|---|---|---|---|
| 001 | bg | ||
| 100 | 1 | _aGUMOWSKA, Irena | |
| 245 | 0 |
_aPszczoły i ludzie / _cIrena Gumowska. |
|
| 260 |
_aWarszawa : _b"Watra", _c1985. |
||
| 300 |
_a183, [1] s. : _brys. ; _c21 cm. |
||
| 500 | _a638.1. | ||
| 040 | _cBPK | ||
| 041 | _apol | ||
| 080 | _aPszczoły | ||
| 942 | _cKS | ||
| 008 | s pl f |000 0 pol | ||
| 999 |
_c1264 _d1264 |
||
| 856 |
_uhttp://koha.tu.koszalin.pl/cgi-bin/koha/opac-detail.pl?biblionumber=1264 _yKatalog online BPK |
||